00000000cam 2200000zi 4500
0019.950265
003CaOODSP
00520260527082635
006m     o  d f      
007cr cn|||||||||
008250415t20252025oncad   obu  f001 0 eng d
020 |a9780660769905
040 |aCaOODSP|beng|erda|cCaOODSP
043 |an-cn---
0861 |aNR24-28/2025E-PDF
24500|aNational Building Code of Canada 2025 / |cdeveloped by the Canadian Board for Harmonized Construction Codes.
250 |aSixteenth edition 2025.
264 1|aOttawa, Ontario : |bNational Research Council of Canada, |c2025.
264 4|c©2025
300 |a1 online resource (1 volume (various pagings)) : |billustrations, graphs
336 |atext|btxt|2rdacontent
337 |acomputer|bc|2rdamedia
338 |aonline resource|bcr|2rdacarrier
500 |a"First printing."
500 |aIssued also in French under title: Code national du bâtiment - Canada 2025.
504 |aIncludes bibliographical references and indexes.
5050 |av. 1 -- v. 2.
520 |a"The National Building Code of Canada (NBC) is one of the five National Model Codes, along with the National Plumbing Code of Canada (NPC), the National Fire Code of Canada (NFC), the National Energy Code of Canada for Buildings (NECB) and the National Farm Building Code of Canada (last updated in 1995). In Canada, provincial and territorial governments have the authority to enact legislation that regulates building design and construction within their jurisdictions. This legislation may involve the adoption of the NBC without change or with modifications to suit local needs, and the enactment of other laws and regulations regarding building design and construction. Persons involved in the design and construction of a building should consult the provincial or territorial jurisdiction concerned to confirm what requirements are applicable"--Preface, page v.
530 |aIssued also in printed form.
650 0|aBuilding laws|zCanada.
650 0|aBuildings|xStandards|zCanada.
7102 |aCanadian Board for Harmonized Construction Codes, |eissuing body.
7102 |aNational Research Council of Canada, |eissuing body.
77508|tCode national du bâtiment - Canada 2025 / |w(CaOODSP)9.950267
7760#|tNational Building Code of Canada 2025 / |w(CaOODSP)9.950266
795 |tNational Building Code of Canada 2020 / |bFifteenth edition 2020|w(CaOODSP)9.897526
85640|qPDF|s14.4 MB|uhttps://publications.gc.ca/collections/collection_2026/cnrc-nrc/NR24-28-2025-eng.pdf
986 |aNRCC-CONST-56759E